000 00634nam a2200277Ia 4500
005 20260324134849.0
008 008 260324s9999 xx 000 0 eng d
020 _a9781315238005
037 _aEBOOK
040 _aCRL
040 _beng
040 _cCRL
041 _2eng
041 _aeng
084 _qCRL
100 _aAnn Bradshaw
_91198445
245 4 _aThe Nurse Apprentice, 1860–1977
260 _bTaylor and Francis
260 _c2001
365 _a
365 _b230
856 _uhttp://www.taylorfrancis.com/books/9781315238005
942 _cEBOOK
999 _c1798942
_d1798942